Normal view
MARC view
Entry Nombre personal
001 - NÚMERO DE CONTROL
- campo de control: 7059
003 - IDENTIFICADOR DEL NÚMERO DE CONTROL
- campo de control: FranzMayer
005 - FECHA Y HORA DE LA ÚLTIMA TRANSACCIÓN
- campo de control: 20190320203754.0
008 - DATOS DE LONGITUD FIJA
- campo de control de longitud fija: 190320|| aca||aabn | a|a d
040 ## - FUENTE DE LA CATALOGACIÓN
- Centro catalogador/agencia de origen: FranzMayer
- Centro/agencia transcriptor: FranzMayer
100 ## - ENCABEZAMIENTO-NOMBRE DE PERSONA
- Nombre de persona: Carlos
- Numeración: III
- Títulos y otros términos asociados al nombre: Rey de España
- Fechas asociadas al nombre: 1716-1788
- Subdivisión general: Monumentos, etc.
670 ## - FUENTE DE DATOS ENCONTRADOS
- Cita de la fuente: Work cat.: (FranzMayer): Obelisco, que en la ciudad de la Puebla de los Angeles, celebrando la jura de nuestro rey, y Sr. D. Carlos III erigiò el nobilissimo, y leal gremio de sus plateros, quienes en esta estampa lo dedican, y consagran a su Magestad, por mano de su nobilissima ciudad., 1981